| 000 | 00715nas a2200253 4500 | ||
|---|---|---|---|
| 001 | BR7905312 | ||
| 003 | BR-BrBNA | ||
| 005 | 20231205083921.0 | ||
| 007 | ta | ||
| 008 | 230509b bl.|||p| |||| 00| 00por d | ||
| 040 |
_aBR-BrBNA _bpor _cBiblioteca Nacional de Agricultura |
||
| 041 | _a(Pt) | ||
| 072 | _aL73 | ||
| 100 | 1 | _aCosta, E.O. da | |
| 245 | 1 | _aTetano [Doenca animal; Profilaxia; Toxina; Sintoma] | |
| 650 | _aDoenca animal | ||
| 650 | _aTetano | ||
| 650 | _aToxina | ||
| 650 | _aSintoma | ||
| 650 | _aProfilaxia | ||
| 773 | 0 |
_tAtualidades Agroveterinarias (Brazil) _xISSN 0100-2643 _g(Mar 1979), v. 5(41) p. 32-36 _wBR7905312 |
|
| 909 |
_a202311 _bLúcia _c55 _dLúcia Elande |
||
| 942 |
_2AGRIS _n0 _cANA |
||
| 999 |
_c102013 _d102013 |
||